000 00657nam a22001937a 4500
003 OSt
005 20260226025250.0
008 260226b |||||||| |||| 00| 0 eng d
020 _a 978-981-3314-10-8
040 _aDWC-Main lib
_cOC
082 _2 Sixth edition
_aCirc. 540 S642g 2025
100 _aSmith, Janice Gorzynski
245 _a General, organic, & biological chemistry/
_cJanice Gorzynski Smith
260 _aNew York:
_bMcGraw Hill LLC,
_cc2025.
300 _axxv, 946 pages:
_billustrations;
_c28cm.
504 _aIncludes appendices, glossary, and index.
650 _a1. Chemistry.
942 _2ddc
_cBK-CIRC
_eSixth edition
_hCirc.
_n0
999 _c8546
_d8546